000 00266nam a22001217a 4500
008 181002b xxu||||| |||| 00| 0 eng d
041 _aeng
080 _a616.12
100 _a7
101 _aKAR
245 _aCritical Care Medicine
_cGoldfarb,I.W
942 _2udc
_cBK
999 _c48783
_d48783